Geografía de américa /
Guardado en:
| Autor Principal: | |
|---|---|
| Otros Autores: | |
| Formato: | Libro |
| Publicado: |
Buenos Aires :
Troquel,
1995
|
| Materias: | |
| Etiquetas: |
Agregar Etiqueta
Sin Etiquetas, Sea el primero en etiquetar este registro!
|
| LEADER | 01359nam a22002415a 4500 | ||
|---|---|---|---|
| 001 | CEM.cems009448 | ||
| 005 | 20110228132214.0 | ||
| 008 | 130507s1995##################000#0#####d | ||
| 003 | CEMS | ||
| 020 | |a 950166254X | ||
| 082 | 0 | 4 | |a 918 |
| 100 | 1 | |a Paso Viola, Luis Fernando | |
| 245 | 1 | 0 | |a Geografía de américa / |c Luis Fernando Paso Viola, Diana Durán |
| 260 | |a Buenos Aires : |b Troquel, |c 1995 | ||
| 300 | |a 191 p. | ||
| 500 | |a Incluye experiencias de aprendizaje | ||
| 505 | 0 | |a América, continente de contrastes -- Problemas ambientales: desafíos presentes y futuros -- Población pobreza en América Latina -- La explosión urbana -- El problema agrario -- Desarrollo, subdesarrollo y reestructuración económica mundial -- Integración y desintegración -- Experiencias de aprendizaje -- América en el espacio geográfico -- Los marcos naturales -- Los recursos naturales -- Geografía de la población -- Geografía urbana -- Geografía agraria -- Geografía económica -- Geografía política y geopolítica -- Antártida, un continente del futuro | |
| 653 | |a Geografía | ||
| 653 | |a Geografía de américa | ||
| 700 | 1 | |a Durán, Diana | |
| 859 | |a CEMS |b BIB. CEMS - 11 de abril |h 918 |i P264-1 |p 19134.97 |t Ej.1 | ||
| 859 | |a CEMS |b BIB. CEMS - 11 de abril |h 918 |i P264-1 |p 19135.97 |t Ej.2 | ||
| 859 | |a CEMS |b BIB. CEMS - 11 de abril |h 918 |i P264-1 |p 19136.97 |t Ej.3 | ||
